Chẩn đoán, điều trị các rối loạn tâm thần và hành vi (Sách tham khảo)
Cuốn sách trình bày các kiến thức về lĩnh vực Tâm thần học. Quyển sách được trình bày 4 phần: giới thiệu về khám người bệnh tâm thần, các rối loạn tâm thần - hành vi thường gặp, sử dụng các thuốc hướng tâm thần, một số câu tra...
Đã lưu trong:
| Tác giả chính: | |
|---|---|
| Tác giả khác: | |
| Định dạng: | Sách |
| Ngôn ngữ: | Vietnamese |
| Được phát hành: |
H.
Y học
2024
|
| Phiên bản: | Xuất bản lần thứ hai, có sửa chữa |
| Những chủ đề: | |
| Các nhãn: |
Thêm thẻ
Không có thẻ, Là người đầu tiên thẻ bản ghi này!
|
| Thư viện lưu trữ: | Thư viện Trường Đại học Nam Cần Thơ |
|---|
| LEADER | 01570nam a22002297a 4500 | ||
|---|---|---|---|
| 001 | NCT_4_019265 | ||
| 008 | 250513b xxu||||| |||| 00| 0 vie d | ||
| 999 | |c 8936 |d 8936 | ||
| 020 | |a 9786046665403 |c 160000 | ||
| 082 | 0 | 4 | |2 23rd ed. |a 616.8 |b B312 |
| 100 | 1 | |a Trần Hữu Bình |e Chủ biên | |
| 245 | 1 | 0 | |a Chẩn đoán, điều trị các rối loạn tâm thần và hành vi |b (Sách tham khảo) |c Trần Hữu Bình, Trần Nguyễn Ngọc (Chủ biên) |
| 250 | |a Xuất bản lần thứ hai, có sửa chữa | ||
| 260 | |a H. |b Y học |c 2024 | ||
| 300 | |a 206 tr. |c 27 cm | ||
| 500 | |a ĐTTS ghi: Trường Đại học Y Hà Nội - Bộ môn tâm thần | ||
| 520 | 3 | |a Cuốn sách trình bày các kiến thức về lĩnh vực Tâm thần học. Quyển sách được trình bày 4 phần: giới thiệu về khám người bệnh tâm thần, các rối loạn tâm thần - hành vi thường gặp, sử dụng các thuốc hướng tâm thần, một số câu trắc nghiệm tâm lý hỗ trợ chẩn đoán lâm sàng | |
| 653 | |a Y đa khoa | ||
| 700 | 1 | |a Trần Nguyễn Ngọc |e Chủ biên | |
| 942 | |2 ddc |c BK | ||
| 952 | |0 0 |1 0 |2 ddc |4 0 |6 616_800000000000000_B312 |7 0 |9 30653 |a 000001 |b 000001 |d 2025-05-13 |o 616.8 B312 |p MD.23810 |r 2025-05-13 |v 160000.00 |w 2025-05-13 |y BK | ||
| 980 | |a Thư viện Trường Đại học Nam Cần Thơ | ||


